书目信息 |
| 题名: |
中草药采集手册
|
|
| 作者: | 林余霖 , 陈士林 主编 | |
| 分册: | ||
| 出版信息: | 福州 福建科学技术出版社 2006.08 |
|
| 页数: | 153页 | |
| 开本: | 20cm | |
| 丛书名: | ||
| 单 册: | ||
| 中图分类: | R282.4-62 | |
| 科图分类: | ||
| 主题词: | 中药学 | |
| 电子资源: | ||
| ISBN: | 7-5335-2720-8 | |
| 000 | 00608nam0 2200205 450 | |
| 001 | 0838662350 | |
| 005 | 20080916104650.57 | |
| 010 | @a7-5335-2720-8@dCNY25.00 | |
| 100 | @a20080916d2006 km y0chiy0120 ea | |
| 101 | 0 | @achi |
| 102 | @aCN@b350000 | |
| 200 | 1 | @a中草药采集手册@Azhong cao yao cai ji shou ce@f林余霖,陈士林主编@Flin yu lin,chen shi lin zhu bian |
| 210 | @a福州@c福建科学技术出版社@d2006.08 | |
| 215 | @a153页@d20cm | |
| 606 | 0 | @a中药学 |
| 690 | @aR282.4-62@v4 | |
| 701 | 0 | @a林余霖@Alin yu lin@4主编 |
| 701 | 0 | @a陈士林@Achen shi lin@4主编 |
| 801 | 0 | @aCN@c20080916 |
| 905 | @dR282.4-62@eL520 | |
| 中草药采集手册/林余霖,陈士林主编.-福州:福建科学技术出版社,2006.08 |
| 153页;20cm |
| ISBN 7-5335-2720-8:CNY25.00 |
| ● |
| 相关链接 |
|
|
|
正题名:中草药采集手册
索取号:R282.4-62/L520
 
预约/预借
| 序号 | 登录号 | 条形码 | 馆藏地/架位号 | 状态 | 备注 |
| 1 | 678170 | 206781703 | 数理学院资料室/ [索取号:R282.4-62/L520] | 在馆 |